<?xml version="1.0" encoding="UTF-8"?>
<marc:record xmlns:marc="http://www.loc.gov/MARC21/slim">
   <marc:leader>00000nam a2200000 a 4500</marc:leader>
   <marc:datafield ind1="1" ind2=" " tag="100">
      <marc:subfield code="a">Pflüger, Andreas</marc:subfield>
      <marc:subfield code="4">aut</marc:subfield>
      <marc:subfield code="e">Verfasser/-in</marc:subfield>
   </marc:datafield>
   <marc:datafield ind1=" " ind2=" " tag="653">
      <marc:subfield code="a">Thriller</marc:subfield>
   </marc:datafield>
   <marc:datafield ind1=" " ind2=" " tag="653">
      <marc:subfield code="a">Deutschland</marc:subfield>
   </marc:datafield>
   <marc:datafield ind1=" " ind2=" " tag="653">
      <marc:subfield code="a">Spionage</marc:subfield>
   </marc:datafield>
   <marc:datafield ind1=" " ind2=" " tag="653">
      <marc:subfield code="a">Polizistin</marc:subfield>
   </marc:datafield>
   <marc:datafield ind1="0" ind2="0" tag="245">
      <marc:subfield code="a">Kälter</marc:subfield>
   </marc:datafield>
   <marc:datafield ind1="0" ind2="0" tag="245">
      <marc:subfield code="b">Thriller | Ein spektakulärer Agententhriller rund um den Mauerfall | Mit exklusivem Farbschnitt in der ersten Auflage</marc:subfield>
   </marc:datafield>
   <marc:datafield ind1=" " ind2="1" tag="264">
      <marc:subfield code="b">Suhrkamp</marc:subfield>
      <marc:subfield code="c">2025</marc:subfield>
   </marc:datafield>
   <marc:datafield ind1="1" ind2=" " tag="520">
      <marc:subfield code="a">Im Herbst 1989 führt Luzy Morgenroth auf Amrum das Leben einer Provinzpolizistin. Kaum jemand ahnt, dass sie vor langer Zeit eine Andere war. Als in einer Sturmnacht ein Einheimischer spurlos von der Fähre verschwindet, muss sie sich einem Killerkommando stellen, das auf die Insel kam, und verwandelt sich wieder in die Luzy von früher. Eine Waffe.
In einem spektakulären Agententhriller schickt Pflüger seine Heldin am Ende des Kalten Krieges als Racheengel um die halbe Welt.</marc:subfield>
   </marc:datafield>
   <marc:datafield ind1=" " ind2=" " tag="020">
      <marc:subfield code="a">9783518432587</marc:subfield>
      <marc:subfield code="9">9783518432587</marc:subfield>
   </marc:datafield>
</marc:record>
